Your skin holds you in / (Record no. 358249)
[ view plain ]
| 000 -LEADER | |
|---|---|
| fixed length control field | 00623nam a2200265Ia 4500 |
| 008 - FIXED-LENGTH DATA ELEMENTS--GENERAL INFORMATION | |
| fixed length control field | 180803s9999 xx 000 0 und d |
| 020 ## - INTERNATIONAL STANDARD BOOK NUMBER | |
| International Standard Book Number | 9780545650908 |
| 050 ## - LIBRARY OF CONGRESS CALL NUMBER | |
| Item number | B162 2008 |
| 100 ## - MAIN ENTRY--PERSONAL NAME | |
| Personal name | Baines, Becky |
| 245 #0 - TITLE STATEMENT | |
| Title | Your skin holds you in / |
| 245 #0 - TITLE STATEMENT | |
| Statement of responsibility, etc | by Becky Baines. |
| 260 ## - PUBLICATION, DISTRIBUTION, ETC. (IMPRINT) | |
| Place of publication, distribution, etc | New York, New York : |
| 260 ## - PUBLICATION, DISTRIBUTION, ETC. (IMPRINT) | |
| Name of publisher, distributor, etc | Scholastic, |
| 260 ## - PUBLICATION, DISTRIBUTION, ETC. (IMPRINT) | |
| Date of publication, distribution, etc | 2008 |
| 300 ## - PHYSICAL DESCRIPTION | |
| Extent | 29 pages : |
| 300 ## - PHYSICAL DESCRIPTION | |
| Other physical details | colored ; |
| 300 ## - PHYSICAL DESCRIPTION | |
| Dimensions | 20cm. |
| 440 ## - SERIES STATEMENT/ADDED ENTRY--TITLE | |
| Title | National Geographic Kids. |
| 500 ## - GENERAL NOTE | |
| General note | 490 |
| 650 ## - SUBJECT ADDED ENTRY--TOPICAL TERM | |
| Topical term or geographic name as entry element | Skin -- |
| 650 ## - SUBJECT ADDED ENTRY--TOPICAL TERM | |
| Topical term or geographic name as entry element | Skin. |
| 650 ## - SUBJECT ADDED ENTRY--TOPICAL TERM | |
| General subdivision | Juvenile Literature. |
| 700 ## - ADDED ENTRY--PERSONAL NAME | |
| Personal name | Series. |
| 700 ## - ADDED ENTRY--PERSONAL NAME | |
| Personal name | Title. |
| Withdrawn status | Lost status | Damaged status | Home library | Current library | Shelving location | Date acquired | Cost, normal purchase price | Total Checkouts | Full call number | Barcode | Date last seen | Price effective from | Koha item type |
|---|---|---|---|---|---|---|---|---|---|---|---|---|---|
| Stonyhurst Southville International School (Malarayat) | Stonyhurst Southville International School (Malarayat) | 08/03/2018 | 0.00 | LEX B162 2008 | SSISM5527 | 08/03/2018 | 08/03/2018 | Lexile |